[Event "45th Olympiad 2024"]
[Site "Budapest HUN"]
[Date "2024.09.15"]
[Round "5.50"]
[Board "3"]
[White "Zilleruelo Irizarry, Diego"]
[Black "Croad, Nicolas"]
[Result "1-0"]
[WhiteElo "2041"]
[BlackElo "2195"]
[PlyCount "45"]
[EventDate "2024.09.11"]
[WhiteTeam "Puerto Rico"]
[BlackTeam "New Zealand"]
[WhiteTeamCountry "PUR"]
[BlackTeamCountry "NZL"]

1. d4 {ChessBase} Nf6 2. c4 e6 3. Nc3 Bb4 4. e3 O-O 5. Bd2 d5 6. Nf3 c5 7. a3 Bxc3 8. Bxc3 Ne4 9. Qc2 ({RR} 9. Bd3 Nxc3 10. bxc3 dxc4 11. Bxc4 Nd7) ({RR} 9. Rc1 Nxc3 10. Rxc3 cxd4 11. exd4 Nc6 12. Be2 dxc4 13. Bxc4 Qf6 14. O-O Rd8 15. Rd3 Bd7 16. Re1 Be8 17. Qd2 Ne7 18. Ng5 Nd5 19. Rf3 Qe7 20. Rg3 h6 21. Nf3 Qf6 22. Re4 Ne7 23. Ne5 Nf5) 9... cxd4 ({RR} 9... Nxc3 10. bxc3 Nd7 ({RR} 10... dxc4 11. Bxc4 Nd7 12. O-O b6 13. d5 exd5 14. Bxd5 Rb8) 11. Bd3 h6 12. cxd5 exd5 13. Qb2 Qe7 14. O-O Nf6 15. Rfb1 c4 16. Bc2 Ne4 17. a4 Re8 18. a5 Nd6 19. Qb4 Be6 20. Re1 ({RR} 20. Ne5) 20... Bf5 21. Bxf5 Nxf5 22. Qxe7 ({RR} 22. Qb5 Qe6 ({RR} 22... Rad8 23. Reb1 Rd7 24. Ne5 Rc7 25. Qxd5) ({RR} 22... Qd6 23. Ne5 Rab8 24. Nxc4) 23. Qxb7 Reb8 24. Qc7 Nd6) 22... Rxe7 23. h4 h5 24. g3 {½-½ Aronian,L (2781)-Anand,V (2803) London Classic 7th 2015 (2)}) ({RR} 9... Nxc3 10. bxc3 cxd4 11. cxd4 Nc6 12. cxd5 Qa5+ 13. Qd2 Qxd5 14. Bd3 Rd8 15. O-O Qd6 16. Ng5 h6 17. Ne4 Qe7 18. f4 b6 19. Rac1 Bb7 20. Rc3 Na5 21. Rfc1 Rac8 22. Qc2 f5 23. Nd2 Rxc3 24. Qxc3 {½-½ Mirzoeva,E (2282)-Kanyamarala,T (2165) 110th ch-GBR 2024 (6.23)}) 10. exd4 Nxc3 $146 ({RR} 10... Nc6 11. c5 e5 12. dxe5 Nxc3 13. Qxc3 d4 14. Qd2 Qd5 15. Be2 Nxe5 16. O-O Qxc5 17. Nxe5 Qxe5 18. Rad1 Rd8 19. Rfe1 Qf6 20. Bf3 h6 21. Re4 d3 22. Rb4 Rb8 23. Qe3 Qa6 24. Be4 Be6 25. Bxd3 {0-1 Mateus,J (1860)-De Matos,R (1984) Tiradentes op 2014 (3)}) ({RR} 10... Nc6 11. Bd3 f5 12. O-O b6 13. Rad1 Ba6 14. cxd5 Bxd3 15. Qxd3 Qxd5 16. Ne5 Nxc3 17. Nxc6 Qxc6 18. Qxc3 Rac8 19. Qxc6 Rxc6 20. d5 exd5 21. Rxd5 Rc2 22. Rb5 g6 23. f4 Re8 24. Rb1 Ree2 25. g3 {0-1 Loev,D (1534)-Chernyaev,V (1838) Kimry-ch 2010 (2)}) 11. bxc3 Nd7 12. Bd3 Nf6 13. O-O dxc4 14. Bxc4 b6 15. Rfe1 Bb7 16. Ne5 Qc7 17. Re3 g6 18. Rae1 Ng4 19. Nxg4 Qxc4 20. Qd2 Qc6 21. d5 exd5 22. Qd4 f6 23. Re6 1-0

[Event "45th Olympiad 2024"]
[Site "Budapest HUN"]
[Date "2024.09.15"]
[Round "5.50"]
[Board "4"]
[White "Gong, Daniel Hanwen"]
[Black "Mejias Nunez, Rafael E."]
[Result "1/2-1/2"]
[WhiteElo "2240"]
[BlackElo "2026"]
[PlyCount "92"]
[EventDate "2024.09.11"]
[WhiteTeam "New Zealand"]
[BlackTeam "Puerto Rico"]
[WhiteTeamCountry "NZL"]
[BlackTeamCountry "PUR"]

1. e4 e5 2. Nf3 Nf6 3. d4 Nxe4 4. Bd3 d5 5. Nxe5 Nd7 6. Nc3 Nxc3 7. bxc3 Nxe5 8. dxe5 Bc5 9. O-O O-O 10. Rb1 c6 ({RR} 10... Qh4 11. Qf3 b6 12. Qxd5 Be6 13. Qe4 Qxe4 14. Bxe4 Rad8 15. a4 h6 16. a5 bxa5 17. Ra1 Bc4 18. Re1 Rfe8 19. Bf4 g5 20. Rxa5 Bb6 21. Ra4 gxf4 22. Rxc4 Rxe5 23. Kf1 Rde8 24. Re2 R8e6 25. Bf3 {½-½ Giri,A (2760)-Nepomniachtchi,I (2771) AI Cup Div 1 L 2023 (3.1)}) 11. Re1 ({RR} 11. Qf3 b6 12. Be3 Qh4 13. Bxc5 bxc5 14. c4 Be6 15. Qe3 dxc4 16. Be4 Rab8 17. Rbe1 Qe7 18. Bxc6 Rfd8 19. Be4 Bd5 20. f4 Bxe4 21. Qxe4 Rd4 22. Qc6 Rb6 23. Qf3 g6 24. f5 {½-½ Ilamparthi,A (2458)-Laurusas,T (2571) Riga Tech Open A 2024 (9.2)}) 11... Qh4 12. Be3 Bxe3 $146 ({RR} 12... b6 13. h3 Be6 14. Qf3 Rad8 15. Bxc5 bxc5 16. Rb7 Qg5 17. c4 dxc4 18. Be4 g6 19. Bxc6 Qd2 20. Re2 Qd1+ 21. Kh2 Rd2 22. Rxd2 Qxd2 23. c3 Qxa2 24. Qe3 a5 25. Ra7 Qb1 26. Be4 Qb8 27. Qxc5 {1-0 Oparin,G (2667)-Nguyen Ngoc Truong Son (2645) ChessKid Cup Div 2 W 2023 (3.2)}) 13. Rxe3 b5 14. Rb4 Qg5 15. g3 g6 16. Rh4 Qe7 17. Qf3 Be6 18. Rf4 Rab8 19. h4 c5 20. Bf1 a5 21. h5 b4 22. c4 Rbd8 23. Bd3 dxc4 24. Bxc4 Bxc4 25. Rxc4 Rd4 26. Rxd4 cxd4 27. Re4 Qe6 28. h6 Re8 29. Qf4 Kf8 30. Kh2 Qf5 31. Qxf5 gxf5 32. Rxd4 Rxe5 33. Rd8+ Re8 34. Rd5 Re6 35. Rxf5 Rxh6+ 36. Kg2 Rc6 37. Rxa5 Rxc2 38. Kf3 Kg7 39. Ke3 Kg6 40. f3 h5 41. Ra4 Rc3+ 42. Ke4 b3 43. axb3 Rxb3 44. Kf4 f6 45. Re4 Ra3 46. Re2 Rb3 1/2-1/2

[Event "45th Olympiad 2024"]
[Site "Budapest HUN"]
[Date "2024.09.15"]
[Round "5.51"]
[Board "1"]
[White "Camacho Collados, Jose"]
[Black "Oatlhotse, Providence"]
[Result "1/2-1/2"]
[WhiteElo "2352"]
[BlackElo "2239"]
[PlyCount "194"]
[EventDate "2024.09.11"]
[WhiteTeam "Wales"]
[BlackTeam "Botswana"]
[WhiteTeamCountry "WLS"]
[BlackTeamCountry "BOT"]

1. e4 g6 2. d4 Bg7 3. Nc3 d6 4. Be3 a6 5. a4 Nf6 6. h3 O-O 7. Nf3 Nc6 8. d5 Nb4 ({RR} 8... Nb8 9. Bd3 e6 10. dxe6 Bxe6 11. Nd4 d5 12. O-O Nc6 13. Nxc6 bxc6 14. Bd4 dxe4 15. Bxe4 Nxe4 16. Bxg7 Qxd1 17. Rfxd1 Nxf2 18. Bxf8 Nxd1 19. Rxd1 Kxf8 20. Ne4 Bf5 21. Nc5 Bxc2 22. Rd7 Rb8 23. Rxc7 {0-1 Andreikin,D (2712)-Artemiev,V (2697) Moscow Tal Memorial blitz 11th 2018 (9)}) 9. a5 c5 ({RR} 9... e6 10. Bc4 c5 11. O-O exd5 12. exd5 Bf5 13. Ne1 Re8 14. Be2 Ne4 15. Na4 Qxa5 16. c3 Nxd5 17. Qxd5 b5 18. g4 Bd7 19. Nxc5 Qxa1 20. Ned3 Nf6 21. Qxd6 Qa2 22. Nxd7 Ne4 23. Qf4 Nxc3 24. bxc3 {1-0 Barua,D (2410)-Kerigan,D (2233) Groningen op-A 50th 2012 (2)}) ({RR} 9... e6 10. Bc4 exd5 11. exd5 Re8 12. O-O c6 13. dxc6 bxc6 14. Na4 Rxe3 15. fxe3 d5 16. Nb6 Rb8 17. c3 Qe7 18. cxb4 dxc4 19. Ra3 Nd5 20. Nd4 Nxb4 21. Nxc4 c5 22. Nf3 Be6 23. Qe2 h6 24. Nb6 {1-0 Le,Q (2731)-Demidov,M (2546) Titled Tue 6th Feb Late 2024 (4)}) 10. Bc4 e6 11. dxe6 $146 Bxe6 12. Bxe6 fxe6 13. O-O Qc7 14. Ng5 Rae8 15. e5 dxe5 16. Nce4 Nxe4 17. Nxe4 Qc6 18. f3 Rd8 19. Qe2 Nd5 20. Bxc5 Rf7 21. Qf2 Nf6 22. Nc3 Rc8 23. Ba7 Bf8 24. Rad1 Bb4 25. Rd3 Bxa5 26. Qe3 b6 27. Qxe5 Qc5+ 28. Qxc5 bxc5 29. Re1 Nd5 30. Rxe6 Nf4 31. Rxa6 Bxc3 32. Rdd6 Be5 33. Rd1 Ra8 34. Rda1 Bd4+ 35. Kf1 Nh5 36. c3 Ng3+ 37. Ke1 Re8+ 38. Kd2 Bf2 39. Kd3 Rf4 40. Rd6 c4+ 41. Kc2 Nf5 42. Rd2 Bxa7 43. Rxa7 Ne3+ 44. Kb1 Rf7 45. Ra4 Rb7 46. Re2 Kf7 47. Ka2 Ree7 48. h4 h5 49. g4 Ra7 50. Rxa7 Rxa7+ 51. Kb1 Re7 52. gxh5 gxh5 53. Rd2 Kf6 54. Rd4 Rc7 55. Rd6+ Kg7 56. Re6 Nf5 57. Re4 Kf6 58. Kc2 Rg7 59. Rf4 Ke5 60. Re4+ Kd5 61. Rf4 Rg2+ 62. Kc1 Nd6 63. Rd4+ Kc5 64. Rf4 Rh2 65. Kb1 Kd5 66. Ka2 Ke5 67. Rd4 Rf2 68. Rd1 Rxf3 69. Rg1 Ne4 70. Ka3 Rg3 71. Re1 Kd5 72. Rd1+ Rd3 73. Rf1 Nd6 74. Rg1 Rf3 75. Kb4 Rf2 76. Rg5+ Rf5 77. Rg1 Kc6 78. Rg6 Rf4 79. Rg5 Rxh4 80. Rc5+ Kd7 81. Rd5 Rh2 82. Kc5 Rxb2 83. Rxd6+ Ke7 84. Rh6 Rh2 85. Kxc4 Kf7 86. Kd5 Kg7 87. Ra6 h4 88. Ke4 Rg2 89. Kf3 Rg3+ 90. Kf2 Rg4 91. Kf3 Rg3+ 92. Kf2 Rxc3 93. Kg2 Rg3+ 94. Kh2 Kh7 95. Ra4 Rg6 96. Rxh4+ Rh6 97. Rxh6+ Kxh6 1/2-1/2

[Event "45th Olympiad 2024"]
[Site "Budapest HUN"]
[Date "2024.09.15"]
[Round "5.51"]
[Board "2"]
[White "Notha, Moakofi"]
[Black "Kozusek, Daniel"]
[Result "1-0"]
[WhiteElo "1996"]
[BlackElo "2367"]
[PlyCount "115"]
[EventDate "2024.09.11"]
[WhiteTeam "Botswana"]
[BlackTeam "Wales"]
[WhiteTeamCountry "BOT"]
[BlackTeamCountry "WLS"]

1. e4 e6 2. d3 d5 3. Nd2 Nf6 4. Ngf3 Be7 5. g3 a5 6. Bg2 a4 7. O-O ({RR} 7. a3 c5 8. O-O Nc6 9. Re1 h6 10. e5 Nh7 11. Nf1 O-O 12. h4 Kh8 13. N1h2 b5 14. d4 b4 15. axb4 Nxb4 16. c3 Nc6 17. Rxa4 Rxa4 18. Qxa4 Qb6 19. Ng4 Bd7 20. dxc5 Bxc5 21. Qc2 Rc8 {1-0 Rapport,R (2731)-Shimanov,A (2578) World Blitz 2023 (16.11)}) 7... a3 8. bxa3 $146 ({RR} 8. b3 O-O 9. Qe2 h6 10. Re1 Nc6 11. c3 d4 12. cxd4 Nxd4 13. Nxd4 Qxd4 14. Rb1 Rd8 15. Bf1 e5 16. Nf3 Qd6 17. d4 Nd7 18. dxe5 Nxe5 19. Nxe5 Qxe5 20. Bf4 Qa5 21. Qc2 c6 22. Bc4 Bg4 {1-0 Klukin,K (2390)-Volkov,M (2271) Titled Tue 16th Jan Early 2024 (9)}) ({RR} 8. b3 O-O 9. e5 Nfd7 10. Re1 c5 11. Nf1 Nc6 12. h4 f6 13. exf6 Bxf6 14. Rb1 Nb4 15. Ng5 Nb6 16. Qh5 h6 17. Nxe6 Bxe6 18. Rxe6 Nxa2 19. Bxh6 Nc3 20. Rbe1 a2 21. Bxg7 Bxg7 22. Rg6 Rf7 {0-1 Yeritsyan,H (2203)-Bluebaum,M (2647) Titled Tue 25th Jun Early 2024 (3)}) 8... O-O 9. c4 dxe4 10. dxe4 Nc6 11. e5 Nd7 12. Qe2 Ndxe5 13. Nxe5 Nxe5 14. Nb3 Nc6 15. Rd1 Qe8 16. c5 Bf6 17. Bb2 Bxb2 18. Qxb2 e5 19. Rd2 f6 20. Bd5+ Be6 21. Re1 Rd8 22. Red1 Bxd5 23. Rxd5 Qe6 24. Rxd8 Rxd8 25. Rxd8+ Nxd8 26. Na5 Qd5 27. Qb3 c6 28. Qb6 Qd7 29. h4 Qd1+ 30. Kg2 Qd5+ 31. Kg1 Qd7 32. Kh2 Qd4 33. Kg1 Qd7 34. Kh2 h5 35. Kg1 Qd1+ 36. Kg2 Qd5+ 37. Kg1 Qd7 38. Kh2 Kh7 39. a4 Qd2 40. Kg1 Qd1+ 41. Kg2 Ne6 42. Nxb7 Nd4 43. Qb2 Qf3+ 44. Kh2 Ne2 45. Qb1+ e4 46. Qe1 f5 47. Nd8 Qd3 48. Ne6 e3 49. fxe3 Nc3 50. Qf2 Nxa4 51. Qf3 Qc2+ 52. Kh3 Qb1 53. Qxh5+ Kg8 54. Qe8+ Kh7 55. Qh5+ Kg8 56. Qe8+ Kh7 57. Qxc6 Nc3 58. Ng5+ 1-0

[Event "45th Olympiad 2024"]
[Site "Budapest HUN"]
[Date "2024.09.15"]
[Round "5.51"]
[Board "3"]
[White "Blackburn, Jonathan L B"]
[Black "Monnaatsheko, Keletshabile"]
[Result "1/2-1/2"]
[WhiteElo "2202"]
[BlackElo "2064"]
[PlyCount "147"]
[EventDate "2024.09.11"]
[WhiteTeam "Wales"]
[BlackTeam "Botswana"]
[WhiteTeamCountry "WLS"]
[BlackTeamCountry "BOT"]

1. d4 d5 2. c4 c6 3. Nc3 e5 4. e3 e4 5. Nge2 Nf6 6. cxd5 ({RR} 6. Ng3 Bd6 7. Be2 O-O 8. O-O Re8 9. Bd2 dxc4 10. Bxc4 b5 11. Bb3 b4 12. Na4 Bb7 13. Rc1 Nbd7 14. Qc2 Nb6 15. Nc5 Bxc5 16. Qxc5 a5 17. Qg5 h6 18. Qh4 Nbd5 19. Bc2 Qe7 20. Bb1 Qe6 {0-1 Arias Igual,A (2277)-Droin,A (2477) Titled Tue 14th May Late 2024 (2)}) 6... cxd5 7. Nf4 Nc6 8. Qb3 Na5 $146 ({RR} 8... Bb4 9. Be2 g5 10. Nh5 Nxh5 11. Bxh5 g4 12. h3 {½-½ Dlugy,M (2525)-Shabalov,A (2465) World op 18th 1990}) ({RR} 8... Bb4 9. Bd2 Bxc3 10. Bxc3 a6 11. a4 O-O 12. a5 Rb8 13. h4 Bg4 14. h5 Qd7 15. Be2 Bxe2 16. Nxe2 Rfc8 17. Nf4 Nd8 18. Qd1 Rc4 19. Ra3 Rbc8 20. Rb3 R8c7 21. Rb6 R7c6 22. Rxc6 Qxc6 23. h6 {½-½ Speelman,J (2630)-Nikolic,P (2625) World Cup Reykjavik 1991 (8)}) ({RR} 8... Bb4 9. Bd2 O-O 10. Nxe4 Re8 11. Bxb4 Rxe4 12. Bc3 Rxf4 13. exf4 Qe7+ 14. Be2 Bf5 15. Qd1 Re8 16. f3 b5 17. a3 a5 18. b4 Nh5 19. O-O Qe3+ 20. Rf2 Nxf4 21. Bxb5 Qxc3 22. Rc1 Qxa3 23. Bxc6 {0-1 Kharlov,A (2450)-Shabalov,A (2505) Torcy op-A 1991}) 9. Bb5+ Bd7 10. Qa4 Bc6 11. Bxc6+ Nxc6 12. Qb3 Bb4 13. O-O Bxc3 14. bxc3 Qd7 15. Ba3 Na5 16. Qb4 b6 17. f3 O-O-O 18. Rab1 Nc4 19. Bc1 Rhe8 20. a4 a5 21. Qb5 Qxb5 22. Rxb5 Rd7 23. h4 h6 24. h5 Kb7 25. Kf2 Kc6 26. Re1 Rb7 27. Re2 Nd6 28. Rb1 b5 29. Ba3 Nc4 30. Bc5 Reb8 31. axb5+ Rxb5 32. Rxb5 Kxb5 33. Ra2 Kc6 34. Ba3 Rg8 35. Ra1 Re8 36. Bc1 Rb8 37. Ba3 Ra8 38. Ra2 exf3 39. gxf3 Rg8 40. Ra1 g5 41. hxg6 fxg6 42. Be7 Nh5 43. Nxh5 gxh5 44. Bc5 Re8 45. Re1 a4 46. e4 dxe4 47. Rxe4 Rxe4 48. fxe4 Nd2 49. Ke3 h4 50. Bb4 h3 51. d5+ Kd7 52. Kf2 Nxe4+ 53. Kg1 Nd2 54. Kh2 Nc4 55. Kxh3 Nb6 56. c4 Nxc4 57. Bc5 Nb2 58. Kg4 Nc4 59. Kh5 Nd6 60. Kxh6 Nf5+ 61. Kg5 Ne7 62. d6 Nc8 63. Kf5 Nxd6+ 64. Ke5 Nb7 65. Bb4 Kc6 66. Kd4 Kb5 67. Kc3 Nd8 68. Be7 Nc6 69. Bd6 Na5 70. Be7 Nc4 71. Bf8 Nb6 72. Kd4 Nc4 73. Kc3 Ne3 74. Kd4 1/2-1/2

[Event "45th Olympiad 2024"]
[Site "Budapest HUN"]
[Date "2024.09.15"]
[Round "5.51"]
[Board "4"]
[White "Oratile, Kgotlane"]
[Black "Bullen, Alex"]
[Result "0-1"]
[WhiteElo "1975"]
[BlackElo "2155"]
[PlyCount "198"]
[EventDate "2024.09.11"]
[WhiteTeam "Botswana"]
[BlackTeam "Wales"]
[WhiteTeamCountry "BOT"]
[BlackTeamCountry "WLS"]

1. e4 c6 2. d3 d5 3. Nd2 e5 4. Ngf3 Bd6 5. g3 f5 6. Bg2 Nf6 7. exd5 ({RR} 7. O-O O-O 8. c3 Kh8 9. Re1 fxe4 10. dxe4 Bg4 11. h3 Bh5 12. g4 Bg6 13. exd5 Nxd5 14. Nc4 e4 15. Nfe5 Bc5 16. Be3 Bxe3 17. Nxe3 Qg5 18. Nxg6+ hxg6 19. Nxd5 cxd5 20. c4 dxc4 21. Rxe4 Nc6 {½-½ Huebner,R (2620)-Miles,A (2570) Interpolis Tilburg 1986 (11)}) ({RR} 7. Qe2 O-O 8. O-O f4 9. h3 Bd7 10. c4 Qc8 11. Kh2 d4 12. c5 Bc7 13. Nc4 Qe8 14. b4 Qh5 15. Nd6 Na6 16. a3 b6 17. gxf4 bxc5 18. fxe5 Ng4+ 19. Kg1 Nxe5 20. Nf5 Bxf5 21. exf5 Qxf5 {0-1 Ruge,E (2201)-Sreyas,P (2084) Titled Tue 23rd Apr Early 2024 (3)}) 7... cxd5 8. c4 $146 ({RR} 8. O-O O-O 9. c4 dxc4 10. Nxc4 Nc6 11. Re1 e4 12. Ng5 Bb4 {½-½ Fox,A (2125)-Crichton,M IRL-ch Dublin 1996 (8)}) 8... e4 9. dxe4 dxe4 10. Qe2 O-O 11. Ng5 h6 12. Nh3 Nc6 13. O-O Ng4 14. c5 Bc7 15. Qc4+ Kh8 16. Nb3 Nce5 17. Qc3 Nd3 18. f3 Be5 19. Qc2 Nxc1 20. fxg4 Nxb3 21. axb3 Qd4+ 22. Kh1 Be6 23. Rad1 Qb4 24. gxf5 Bxb3 25. Qd2 Qxd2 26. Rxd2 e3 27. Rd7 e2 28. Re1 Rad8 29. c6 bxc6 30. Bxc6 Rxd7 31. Bxd7 Rd8 32. Rxe2 Bd5+ 33. Kg1 Bd4+ 34. Kf1 Rxd7 35. Re8+ Kh7 36. Nf4 Bf7 37. Rf8 Bxb2 38. Ke2 Bc1 39. Kf3 a5 40. Ra8 Bd2 41. Ke4 g5 42. Ne6 Bxe6 43. fxe6 Re7 44. Kf5 Kg7 45. Rd8 Bb4 46. Ra8 Rb7 47. Ke5 Rb5+ 48. Ke4 h5 49. h3 Bd6 50. g4 h4 51. Ra6 Bb4 52. Kd4 Kf6 53. Rc6 Ke7 54. Ra6 Be1 55. Ke4 Bf2 56. Rc6 Rb6 57. Rc2 Bg3 58. Kf5 Rb5+ 59. Ke4 Kxe6 60. Rc6+ Kd7 61. Ra6 Kc7 62. Kd4 Kb7 63. Rg6 Bf4 64. Kc4 Rb6 65. Rg7+ Ka6 66. Rg8 Rc6+ 67. Kb3 Kb5 68. Ra8 Re6 69. Rd8 Re3+ 70. Ka2 Rxh3 71. Rd5+ Kb4 72. Rd4+ Kc5 73. Ra4 Kb5 74. Rd4 Rg3 75. Rd5+ Kb4 76. Rd4+ Kc5 77. Ra4 Kb5 78. Rd4 h3 79. Rd5+ Kb4 80. Rd4+ Kc5 81. Ra4 Kb5 82. Rd4 h2 83. Rd5+ Kb4 84. Rd4+ Kc5 85. Ra4 Kb5 86. Rd4 Rg2+ 87. Kb3 a4+ 88. Rxa4 Rb2+ 89. Ka3 Ra2+ 90. Kxa2 Kxa4 91. Kb2 h1=Q 92. Kc3 Be5+ 93. Kd3 Qd5+ 94. Ke3 Bf4+ 95. Ke2 Qd2+ 96. Kf3 Qe3+ 97. Kg2 Qe2+ 98. Kg1 Bb8 99. Kh1 Qf1# 0-1

[Event "45th Olympiad 2024"]
[Site "Budapest HUN"]
[Date "2024.09.15"]
[Round "5.52"]
[Board "1"]
[White "Mafaaz Khalid"]
[Black "Barrish, Daniel"]
[Result "0-1"]
[WhiteElo "2069"]
[BlackElo "2281"]
[PlyCount "100"]
[EventDate "2024.09.11"]
[WhiteTeam "Pakistan"]
[BlackTeam "South Africa"]
[WhiteTeamCountry "PAK"]
[BlackTeamCountry "RSA"]

1. d4 Nf6 2. c4 e6 3. Nc3 Bb4 4. f3 c5 5. d5 b5 6. e4 d6 7. Nge2 bxc4 8. Nf4 e5 9. Nfe2 Nbd7 10. Ng3 Nb6 11. Be2 Ng8 12. O-O Ne7 13. f4 exf4 14. Nh5 ({RR} 14. Bxf4 Bxc3 15. bxc3 O-O 16. a4 Ng6 17. Qd2 a5 18. h4 Ra6 19. h5 Nxf4 20. Qxf4 h6 21. Bg4 Bd7 22. Rab1 Bxg4 23. Qxg4 Qg5 24. Qxg5 hxg5 25. Nf5 Nxa4 26. Ne7+ Kh7 27. Ng6 Rg8 28. Rxf7 Nxc3 {0-1 Martins,D (2412)-Ter Sahakyan,S (2616) Portuguese Top League 2024 (7.6)}) 14... O-O 15. Bxf4 Ng6 16. Bg3 Bxc3 $146 ({RR} 16... Re8 17. Bf3 Ne5 18. Qd2 Rb8 19. Qf4 Rb7 20. Nd1 f6 21. Qh4 Ng6 22. Nxf6+ gxf6 23. Qh6 Rg7 24. Bh5 Qe7 25. Nf2 c3 26. Ng4 cxb2 27. Rab1 Bc3 28. Rf3 Bd4+ 29. Kh1 Bxg4 30. Bxg4 Qxe4 31. Bf5 {0-1 Suder,J (2321)-Svane,F (2496) Titled Tuesday intern op 08th Mar Early blitz 2022 (2)}) 17. bxc3 Qe7 18. Re1 Ne5 19. Bf4 Bd7 20. h3 Na4 21. Qd2 Rab8 22. Qe3 f6 23. Bg3 Rb2 24. Nf4 Rfb8 25. Bd1 a5 26. Rf1 R2b7 27. Bc2 Nb2 28. Be1 Be8 29. Qg3 Bg6 30. Bd2 Nbd3 31. Nxg6 hxg6 32. Bd1 Rb2 33. Be3 Rb1 34. Rxb1 Rxb1 35. h4 Qd7 36. h5 g5 37. Qh2 Kh7 38. Qg3 a4 39. a3 Ra1 40. h6 gxh6 41. Qh2 Kg7 42. Qh5 Nb2 43. Be2 Rxf1+ 44. Kxf1 Nbd3 45. Kg1 Qb5 46. Qh3 Qb1+ 47. Kh2 Qe1 48. Bh5 Nf2 49. Bxf2 Qxf2 50. Be8 g4 0-1

[Event "45th Olympiad 2024"]
[Site "Budapest HUN"]
[Date "2024.09.15"]
[Round "5.52"]
[Board "2"]
[White "Levitan, Caleb Levi"]
[Black "Amer Karim"]
[Result "1-0"]
[WhiteElo "2193"]
[BlackElo "2081"]
[PlyCount "127"]
[EventDate "2024.09.11"]
[WhiteTeam "South Africa"]
[BlackTeam "Pakistan"]
[WhiteTeamCountry "RSA"]
[BlackTeamCountry "PAK"]

1. e4 c5 2. Nf3 Nc6 3. Bb5 e6 4. d4 cxd4 5. Nxd4 Qb6 6. Nxc6 bxc6 7. Bd3 d5 8. O-O Nf6 9. Nd2 Be7 10. Qe2 $146 ({RR} 10. b3 Ba6 11. Bb2 Bxd3 12. cxd3 O-O 13. Qc2 a5 14. Rac1 Rfc8 15. exd5 exd5 16. Rfe1 Qd8 17. Nf3 c5 18. Ne5 Bf8 19. h3 h6 20. Bc3 Nd7 21. Qd1 Nxe5 22. Rxe5 Qd7 23. Qf3 Rd8 24. d4 cxd4 {½-½ Van Foreest,J (2612)-Sebenik,M (2540) PRO League Stage rapid 2019 (10)}) 10... O-O 11. b3 a5 12. Bb2 a4 13. c4 a3 14. Be5 Nd7 15. exd5 Nxe5 16. Qxe5 Qa5 17. Qe2 cxd5 18. cxd5 Bf6 19. Nc4 Qc5 20. Rac1 exd5 21. Ne3 Qd6 22. Qh5 g6 23. Qxd5 Qxd5 24. Nxd5 Bb2 25. Rcd1 Ra7 26. Ne3 Be6 27. Bc4 Bc8 28. Rd3 Rc7 29. Rfd1 Kg7 30. Kf1 Bb7 31. Rd7 Rfc8 32. Ke2 Kf8 33. g3 h5 34. Rxf7+ Rxf7 35. Bxf7 Kxf7 36. Rd7+ Ke6 37. Rxb7 Rc1 38. Rb6+ Kf7 39. Ra6 Ra1 40. Nc2 Rxa2 41. Kd1 Kg7 42. h3 Kh6 43. f4 h4 44. g4 Kg7 45. b4 Kf7 46. Kd2 Kg7 47. b5 Bd4 48. Rxa3 Rb2 49. Kc1 Bf6 50. g5 Rxb5 51. Ra7+ Kf8 52. gxf6 Rf5 53. Nd4 Rxf6 54. Kd2 Rb6 55. Ke3 Rb1 56. Kf3 Rg1 57. Ne6+ Kg8 58. Ng5 Rg3+ 59. Ke4 Rb3 60. Ke5 Rb6 61. Ne6 Rb3 62. Kf6 Rg3 63. Ra8+ Kh7 64. Ng5+ 1-0

[Event "45th Olympiad 2024"]
[Site "Budapest HUN"]
[Date "2024.09.15"]
[Round "5.52"]
[Board "3"]
[White "Momin Fayzan"]
[Black "Mhango, Banele"]
[Result "0-1"]
[WhiteElo "2064"]
[BlackElo "2261"]
[PlyCount "106"]
[EventDate "2024.09.11"]
[WhiteTeam "Pakistan"]
[BlackTeam "South Africa"]
[WhiteTeamCountry "PAK"]
[BlackTeamCountry "RSA"]

1. c4 Nf6 2. Nf3 g6 3. g3 Bg7 4. Bg2 O-O 5. O-O c6 6. d4 d6 7. Nc3 Bf5 8. Nh4 Be6 9. d5 cxd5 10. cxd5 Bd7 11. e4 Na6 12. h3 ({RR} 12. Be3 Ng4 13. Bd4 Bxd4 14. Qxd4 Qb6 15. Qd2 Rfc8 16. Kh1 Rc4 17. h3 Nf6 18. f4 Rac8 19. e5 Nh5 20. Kh2 Qd4 21. Qe2 Be8 22. Rad1 Qb6 23. Nf5 gxf5 24. Qxh5 Qxb2 25. Qg5+ Kf8 26. Qxf5 Qxc3 {1-0 Mikaelyan,A (2524)-Rakhmanov,A (2596) CrunchLabs Masters PlayIn 2024 (5)}) 12... Nc5 13. Rb1 $146 ({RR} 13. Be3 Qa5 14. Bd4 Na4 15. Nxa4 Bxa4 16. b3 Bb5 17. Re1 Rfe8 18. Nf3 Qa3 19. Qd2 a5 20. Bb2 Qb4 21. Bc3 Qc5 22. Rac1 Qb6 23. a4 Bd7 24. e5 dxe5 25. Nxe5 Qxb3 26. Nxd7 Nxd7 27. Bxg7 Kxg7 {0-1 Wojtkiewicz,A (2550)-Mortensen,E (2480) Reykjavik op 1990 (9)}) 13... a5 14. a4 Ne8 15. Bd2 Nc7 16. Re1 b5 17. axb5 Nxb5 18. Nxb5 Bxb5 19. b4 axb4 20. Bxb4 Nd3 21. Bf1 Nxb4 22. Bxb5 Na2 23. Qd3 Nc3 24. Rb3 Qa5 25. Nf3 Rfb8 26. Bc4 Rxb3 27. Bxb3 Rb8 28. Nd2 Rb4 29. Qc2 Bd4 30. Kg2 Qc5 31. Rf1 Qb5 32. Re1 h5 33. h4 Qc5 34. Rf1 Bg7 35. Re1 Qb5 36. Re3 Qc5 37. Nf3 Rb8 38. e5 Rc8 39. exd6 exd6 40. Qd3 Rb8 41. Bc4 Na4 42. Bb3 Nc3 43. Bc4 Bf6 44. Nd2 Rb2 45. Ne4 Nxe4 46. Qxe4 Bd4 47. Re2 Rxe2 48. Qxe2 Bxf2 49. Bb5 Bd4 50. Bc6 Be5 51. Qf3 Qc2+ 52. Kh3 Kg7 53. Be8 Qc8+ 0-1

[Event "45th Olympiad 2024"]
[Site "Budapest HUN"]
[Date "2024.09.15"]
[Round "5.52"]
[Board "4"]
[White "Cawdery, Daniel"]
[Black "Mudasir, Iqbal"]
[Result "1-0"]
[WhiteElo "2356"]
[BlackElo "2055"]
[PlyCount "35"]
[EventDate "2024.09.11"]
[WhiteTeam "South Africa"]
[BlackTeam "Pakistan"]
[WhiteTeamCountry "RSA"]
[BlackTeamCountry "PAK"]

1. e4 c5 2. Nc3 Nc6 3. Bb5 g6 4. Bxc6 bxc6 5. f4 Bg7 6. Nf3 d6 7. O-O Nf6 8. d3 O-O 9. Qe1 Rb8 10. Rb1 ({RR} 10. f5 c4 11. fxg6 fxg6 12. dxc4 Ng4 13. h3 Ne5 14. Nxe5 Bxe5 15. Rxf8+ Qxf8 16. Rb1 Qf6 17. Bd2 Bd4+ 18. Kh2 Be6 19. Qe2 Rf8 20. Be3 Be5+ 21. Kg1 Qh4 22. Rf1 Rxf1+ 23. Kxf1 Bxc3 24. Bf2 Qf6 {½-½ Macieja,B (2607)-Acs,P (2560) POL-chT 58th 2002 (8)}) 10... Re8 11. f5 $146 ({RR} 11. b3 Qc7 12. Bb2 Nh5 13. Ne2 d5 14. Bxg7 Kxg7 15. Qc3+ Kg8 16. Qxc5 dxe4 17. dxe4 Nxf4 18. Nxf4 Qxf4 19. Ng5 Qd6 20. Qxd6 exd6 21. Nxf7 Rxe4 22. Nxd6 Re2 23. Rbe1 Ba6 24. Rxe2 Bxe2 25. Re1 Rd8 {1-0 Kneifel,S (1940)-Unzicker,A (2035) Regionalliga SW 9697 1996}) ({RR} 11. Qh4 e6 12. f5 exf5 13. Bg5 h6 14. Bxh6 Ng4 15. Bg5 Qa5 16. exf5 Bxf5 17. h3 Ne3 18. Bxe3 Rxe3 19. Ng5 Qb4 20. g4 Qd4 21. Kh1 c4 22. Qh7+ Kf8 23. gxf5 Qf6 24. fxg6 Qxg5 25. Rxf7+ Ke8 {1-0 Bueno,A (2156)-Ingebretsen,J (2400) Titled Tue 30th Jan Early 2024 (7)}) 11... e5 12. Qh4 Nh5 13. Bg5 Qa5 14. f6 Bf8 15. g4 Nf4 16. Bh6 Bxg4 17. Bxf8 Rxf8 18. Qh6 1-0

[Event "45th Olympiad 2024"]
[Site "Budapest HUN"]
[Date "2024.09.15"]
[Round "5.53"]
[Board "1"]
[White "Lam, Daniel King Wai"]
[Black "Arab, Adlane"]
[Result "1-0"]
[WhiteElo "2088"]
[BlackElo "2477"]
[PlyCount "139"]
[EventDate "2024.09.11"]
[WhiteTeam "Hong Kong, China"]
[BlackTeam "Algeria"]
[BlackTeamCountry "ALG"]

1. e4 c5 2. Nf3 e6 3. d4 cxd4 4. Nxd4 Nf6 5. Nc3 d6 6. g4 h6 7. Be3 Nc6 8. Qe2 Nxd4 9. Bxd4 e5 10. Be3 Bxg4 11. f3 Be6 12. O-O-O $146 ({RR} 12. Qb5+ Qd7 13. Qa5 Qd8 14. Qb5+ Nd7 15. Qxb7 Be7 16. O-O-O O-O 17. Rg1 Kh7 18. Nd5 Bxd5 19. Qxd5 Nb6 20. Qd2 Qc7 21. Rg3 Rfc8 22. b3 d5 23. exd5 Nxd5 24. Bd3+ g6 25. c4 Ba3+ 26. Kb1 Bb4 {0-1 Lucena,L-Nicholson,J Lloyds Bank op 04th 1980 (5)}) 12... a6 13. Rg1 Rc8 14. Kb1 Qa5 15. Bd2 Rxc3 16. Bxc3 Qxa2+ 17. Kc1 Nh5 18. Qe3 Qa1+ 19. Kd2 Qa4 20. Qb6 Qd7 21. Kc1 Qc6 22. Qxc6+ bxc6 23. Bxa6 Be7 24. b3 O-O 25. Kb2 f5 26. Bb7 c5 27. Rg6 Nf6 28. Rdg1 Rf7 29. Rxh6 fxe4 30. fxe4 Bd8 31. Bc6 Rc7 32. Ba5 Rxc6 33. Bxd8 Kf7 34. Rhg6 Ne8 35. h4 Rc8 36. Ba5 c4 37. h5 cxb3 38. cxb3 Rb8 39. R1g3 Ke7 40. b4 Bf7 41. R6g5 Nf6 42. Rh3 Nxe4 43. Rxg7 Kf6 44. h6 Ng5 45. Rg3 Ne6 46. R7g4 Nf4 47. Rh4 Bg6 48. Ka3 d5 49. Bc7 Ra8+ 50. Kb3 d4 51. b5 d3 52. Rxf4+ exf4 53. Bxf4 Ra1 54. Bd2 Rb1+ 55. Kc4 Bf5 56. Be3 Ke6 57. Rg2 Be4 58. Rh2 Bh7 59. Kc5 Ke5 60. Rh4 Rb3 61. Rg4 Bf5 62. Rh4 Bh7 63. b6 Rc3+ 64. Rc4 Rb3 65. Rb4 Rc3+ 66. Kb5 d2 67. Bxd2 Bd3+ 68. Ka4 Bc2+ 69. Ka5 Ra3+ 70. Kb5 1-0